Statistics for Alliterative Geography A-Z

Click here to take the quiz!

General Stats

  • This quiz has been taken 87 times
  • The average score is 11 of 26

Answer Stats

HintAnswer% Correct
San Francisco strait spanned by a famous bridgeGolden Gate
94%
Ethiopia's capitalAddis Ababa
91%
Caribbean countryTrinidad and Tobago
88%
Cambodia's capitalPhnom Penh
83%
Body of water between India and MyanmarBay of Bengal
81%
African countrySouth Sudan
81%
Region where you might find Belarus and BulgariaEastern Europe
77%
Religious site in Jerusalem's Old CityWestern Wall
64%
Great Britain's largest lakeLoch Lomond
55%
Texas Gulf Coast cityCorpus Christi
53%
City on the VolgaNizhny Novgorod
44%
Edinburgh's estuaryFirth of Forth
41%
Largest river outlet into the Black SeaDanube Delta
36%
Waterway of Hanoi or the Texas-Oklahoma borderRed River
33%
Chinese name for the Yellow RiverHuang He
28%
Harbourfront street in Toronto, or a district of BelfastQueens Quay
21%
Largest of the Galápagos IslandsIsla Isabela
17%
City on the banks of answer HZheng Zhou
17%
Capital of the Russian Republic of BuryatiaUlan-Ude
15%
Wine-producing region of PortugalVinho Verde
10%
Mozambican port cityXai-Xai
8%
Pair of Central Asian deserts (name either)Kara-Kum
Kyzyl-Kum
6%
Ancient capital and modern national park in Yorubaland, NigeriaOld Oyo
4%
Indonesia's most active volcanoMount Merapi
3%
Chinese name for the upper portion of the YangtzeJinsha Jiang
1%
Tibetan name of a sacred lake southwest of LhasaYamdrok Yumtso
1%

Score Distribution

Percentile by Number Answered

Percent of People with Each Score

Your Score History

You have not taken this quiz